[Event "Xtracon Chess Open 2018"]
[Site "Elsinore"]
[Date "2018.07.29"]
[Round "10"]
[White "Ivarsson, Torbjorn"]
[Black "Chittka, Julius"]
[Result "1/2-1/2"]
[WhiteElo "2161"]
[BlackElo "2333"]
[EventDate "2018.07.21"]
[WhiteFideId "1705865"]
[BlackFideId "12954772"]

1.d4 Nf6 2.Bf4 g6 3.Nc3 Bg7 4.e4 d6 5.Qd2 O-O 6.Bh6 e5 7.Bxg7 Kxg7 8.dxe5 
dxe5 9.O-O-O Qe7 10.Nf3 Bg4 11.Be2 Qc5 12.h3 Bxf3 13.Bxf3 Nc6 14.h4 Rad8 
15.Nd5 h6 16.Qe3 Qxe3+ 17.fxe3 Rc8 18.Rhf1 Ne8 19.Rd2 Rd8 20.b4 Nb8 21.b5 
c6 22.bxc6 bxc6 23.Nb4 Rxd2 24.Kxd2 Nd6 25.Kc3 Kf6 26.Nd3 Ke6 27.h5 Nd7 
28.hxg6 fxg6 29.Bg4+ Ke7 30.Rxf8 Nxf8 31.Nxe5 Nxe4+ 32.Kd4 Nf6 33.Nxc6+ 
Kd6 34.Bf3 a6 35.Nb4 a5 36.Nd3 N6d7 37.Bg4 Nf6 38.Bc8 Kc7 39.Bh3 g5 40.Bf5
N8d7 41.e4 Nb6 42.c4 h5 43.Nc5 g4 44.e5 Ng8 45.g3 Nh6 46.Be4 Nf7 47.Ne6+ 
Kd7 48.Nf4 Ng5 49.Bg2 Nf3+ 50.Bxf3 gxf3 51.Ke3 Nxc4+ 52.Kxf3 Nxe5+ 53.Ke4 
Ng4 54.Nxh5 Kd6 55.Kd4 Kc6 56.a4 Nh6 57.Ng7 Kd6 58.Kc4 Kc6 59.Ne6 Ng4 60.
Nd4+ Kb6 61.Nb3 Ne3+ 62.Kd3 Nd1 63.Kd4 Nb2 64.g4 Kc6 65.Nxa5+ Kd7 66.g5 
Ke6 67.Ke4 Nxa4 68.Nb7 Nc3+ 69.Kf4 Nd5+ 70.Kg4 Kf7 71.Kh5 Nf6+ 72.Kh4 Ne4 
1/2-1/2

[Event "Xtracon Chess Open 2018"]
[Site "Elsinore"]
[Date "2018.07.29"]
[Round "10"]
[White "Urkedal, Frode Olav Olsen"]
[Black "Nilsson, Patrik 1978"]
[Result "1-0"]
[WhiteElo "2552"]
[BlackElo "2229"]
[EventDate "2018.07.21"]
[WhiteFideId "1506102"]
[BlackFideId "1708171"]

1.d4 f5 2.Bg5 h6 3.Bh4 g5 4.Bg3 Nf6 5.e3 d6 6.h4 Rg8 7.hxg5 hxg5 8.Be2 e6 
9.Bh5+ Kd7 10.Bf3 Qe7 11.Nc3 c6 12.Qd3 Kc7 13.O-O-O Nbd7 14.Be2 e5 15.dxe5
Nxe5 16.Qd4 Ne8 17.Nf3 Bg7 18.Rh7 f4 19.exf4 Nxf3 20.Bxf3 Kb8 21.Qc4 Rf8 
22.fxg5 Qxg5+ 23.Kb1 Bf5 24.Ne4 Qxg3 25.Nxg3 Bxh7 26.Qh4 1-0

[Event "Xtracon Chess Open 2018"]
[Site "Elsinore"]
[Date "2018.07.29"]
[Round "10"]
[White "Sorensen, Hampus"]
[Black "Hector, Jonny"]
[Result "0-1"]
[WhiteElo "2204"]
[BlackElo "2499"]
[EventDate "2018.07.21"]
[WhiteFideId "8703884"]
[BlackFideId "1700090"]

1.d4 d5 2.c4 c6 3.Nf3 Nf6 4.Nc3 dxc4 5.a4 Bf5 6.e3 e6 7.Bxc4 Bb4 8.O-O 
Nbd7 9.Qe2 Bg4 10.h3 Bh5 11.g4 Bg6 12.Ne5 Nxe5 13.dxe5 Nd7 14.f4 Nb6 15.a5
Nxc4 16.Qxc4 Bxa5 17.Rd1 Qb6 18.Rd4 Rd8 19.Qa4 Rxd4 20.exd4 Bxc3 21.bxc3 
O-O 22.Qb4 Qd8 23.Be3 Qh4 24.Kh2 h5 25.Qb2 hxg4 26.Qg2 Bf5 27.Qg3 Qh5 28.
h4 Be4 29.Rxa7 b5 30.Ra1 Bf3 31.Qe1 f6 32.Kg3 fxe5 33.dxe5 Rd8 34.Qb1 Qe8 
35.Qc2 Rd5 36.Ra7 Rd1 37.f5 Qb8 38.Kf4 Rd5 39.Bd4 Rxd4+ 40.cxd4 Qxa7 0-1

[Event "Xtracon Chess Open 2018"]
[Site "Elsinore"]
[Date "2018.07.29"]
[Round "10"]
[White "Aabling-Thomsen, Jakob"]
[Black "Crevatin, Leo"]
[Result "1-0"]
[WhiteElo "2379"]
[BlackElo "2224"]
[EventDate "2018.07.21"]
[WhiteFideId "1407589"]
[BlackFideId "1726307"]

1.e4 c5 2.Nf3 Nc6 3.Bb5 d6 4.O-O Bd7 5.Re1 Nf6 6.h3 a6 7.Bf1 g5 8.e5 dxe5 
9.Nxe5 Qc7 10.d4 cxd4 11.Bxg5 Nxe5 12.Bf4 Rg8 13.Bxe5 Qc6 14.g3 O-O-O 15.
Qxd4 Bf5 16.Qa7 Nd5 17.c4 Qb6 18.Qxb6 Nxb6 19.Nc3 Bh6 20.c5 Nd7 21.Nd5 
Rde8 22.c6 Nxe5 23.Rxe5 Be6 24.cxb7+ Kxb7 25.Nb4 Ra8 26.Bg2+ Kb6 27.Bxa8 
Rxa8 28.a4 a5 29.Rb5+ Kc7 30.Nd5+ Kd6 31.Rd1 1-0

[Event "Xtracon Chess Open 2018"]
[Site "Elsinore"]
[Date "2018.07.29"]
[Round "10"]
[White "Johannsson, Orn Leo"]
[Black "Haubro, Martin"]
[Result "1/2-1/2"]
[WhiteElo "2196"]
[BlackElo "2373"]
[EventDate "2018.07.21"]
[WhiteFideId "2303051"]
[BlackFideId "1414291"]

1.e4 c5 2.Nf3 e6 3.d3 Nc6 4.g3 Nge7 5.Bg2 d5 6.Qe2 g6 7.h4 h6 8.c3 Bg7 9.
e5 Rb8 10.Bf4 b5 11.a3 Qc7 12.Nbd2 a5 13.O-O Bb7 14.Nb3 c4 15.Nbd4 Ba6 16.
dxc4 Nxd4 17.Nxd4 Qxc4 18.Qd2 Qc7 19.Rfe1 Bc8 20.Rac1 Bd7 21.b3 h5 22.Qe2 
O-O 23.g4 hxg4 24.Qxg4 Rfc8 25.h5 gxh5 26.Qxh5 Ng6 27.Bg3 Qd8 28.f4 Rb6 
29.f5 exf5 30.Bxd5 Be8 31.c4 bxc4 32.bxc4 Ne7 33.Nxf5 Nxd5 34.cxd5 Rxc1 
35.Rxc1 Rg6 36.Kh2 Kf8 37.Nxg7 Kxg7 38.Bh4 Qb8 39.Rg1 Qb2+ 40.Kh1 Rxg1+ 
41.Kxg1 Qb1+ 42.Kh2 Qc2+ 43.Kg1 Qg6+ 44.Qxg6+ Kxg6 45.Kf2 1/2-1/2

[Event "Xtracon Chess Open 2018"]
[Site "Elsinore"]
[Date "2018.07.29"]
[Round "10"]
[White "Hill, Alistair"]
[Black "Nielsen, Viktor Haarmark"]
[Result "1/2-1/2"]
[WhiteElo "2192"]
[BlackElo "2332"]
[EventDate "2018.07.21"]
[WhiteFideId "432407"]
[BlackFideId "1444492"]

1.Nf3 c5 2.c4 Nc6 3.d4 cxd4 4.Nxd4 Nf6 5.g3 e6 6.Bg2 a6 7.O-O Be7 8.Nc3 
O-O 9.b3 Qc7 10.Bb2 d6 11.Nxc6 bxc6 12.Na4 Rb8 13.c5 dxc5 14.Rc1 Rd8 15.
Qc2 Rb5 16.Qc3 Bf8 17.Rfd1 Nd5 18.Qe5 Qe7 19.Be4 Bd7 20.Bd3 Rc8 21.Ba3 Ra5
22.Bxc5 Qf6 23.Qxf6 Nxf6 24.Bb6 Rh5 25.Bxa6 Rb8 26.Bc5 Be8 27.Bxf8 Kxf8 
28.Rc5 Rd5 29.Rd3 Ra8 30.Rcxd5 exd5 31.Bb7 Rb8 32.Ba6 Ra8 33.Bb7 Rb8 
1/2-1/2

[Event "Xtracon Chess Open 2018"]
[Site "Elsinore"]
[Date "2018.07.29"]
[Round "10"]
[White "Ingvason, Johann"]
[Black "Jacobsen, Mikkel Manosri"]
[Result "1/2-1/2"]
[WhiteElo "2189"]
[BlackElo "2320"]
[EventDate "2018.07.21"]
[WhiteFideId "2301431"]
[BlackFideId "1444514"]

1.e4 c6 2.d4 d5 3.Nc3 dxe4 4.Nxe4 Bf5 5.Ng3 Bg6 6.h4 h6 7.Nf3 Nd7 8.h5 Bh7
9.Bd3 Bxd3 10.Qxd3 e6 11.Bd2 Ngf6 12.O-O-O Be7 13.Kb1 O-O 14.Ne4 Nxe4 15.
Qxe4 Nf6 16.Qe2 Qd5 17.Ne5 Bd6 18.f3 Qxd4 19.Bc3 Qc5 20.Bd4 Qb5 21.c4 Qa5 
22.Nxf7 Qf5+ 23.Ka1 Bg3 24.Bxf6 Rxf7 25.Bc3 Re8 26.Rd3 e5 27.Re3 Rd7 28.a3
Red8 29.Re4 Bf4 30.g4 Qf7 31.Qc2 Rd3 32.Rf1 Qc7 33.Rfe1 Rxf3 34.Bxe5 Bxe5 
35.Rxe5 Rf1 36.Qe4 Rxe1+ 37.Qxe1 Rd1+ 38.Qxd1 Qxe5 39.Qd7 Qe1+ 40.Ka2 Qe4 
41.Kb3 b6 42.Kc3 Qe1+ 43.Kc2 Qe4+ 44.Kc3 Qe1+ 45.Kc2 1/2-1/2

[Event "Xtracon Chess Open 2018"]
[Site "Elsinore"]
[Date "2018.07.29"]
[Round "10"]
[White "Roseneck, Jonas"]
[Black "Rydstrom, Tom"]
[Result "1/2-1/2"]
[WhiteElo "2182"]
[BlackElo "2307"]
[EventDate "2018.07.21"]
[WhiteFideId "12939870"]
[BlackFideId "1714830"]

1.e4 c5 2.Nf3 e6 3.d4 cxd4 4.Nxd4 a6 5.c4 Nf6 6.Nc3 Qc7 7.a3 Nxe4 8.Nxe4 
Qe5 9.Qc2 Qxd4 10.Be3 Qe5 11.c5 f5 12.Nd2 Nc6 13.Nc4 Qf6 14.Nb6 Rb8 15.Qd2
Be7 16.Bc4 O-O 17.g3 Kh8 18.O-O Qg6 19.b4 Rd8 20.Rad1 d5 21.cxd6 Rxd6 22.
Qa2 e5 23.Rxd6 Qxd6 24.Qe2 Be6 25.Bc5 Bxc4 26.Qxc4 Qd8 27.Qf7 Bxc5 28.bxc5
Qf8 29.Qc7 Qxc5 30.Rd1 h6 31.Rd7 Qc1+ 32.Kg2 Qg5 33.Nd5 f4 34.h4 f3+ 35.
Kh2 Qg6 36.Ne3 Rf8 37.Qxb7 Nd4 38.Qd5 Re8 39.Rd6 Qd3 40.Qf7 Rg8 41.Ng4 Qf1
42.Rxh6+ gxh6 43.Qf6+ Rg7 44.Qf8+ Kh7 45.Nf6+ Kg6 46.h5+ Kf5 47.Ng4+ Kxg4 
48.Qxg7+ Kxh5 49.Qf7+ Kg5 50.Qg7+ Kf5 51.Qf7+ Ke4 52.Qb7+ Kf5 53.Qf7+ 
1/2-1/2

[Event "Xtracon Chess Open 2018"]
[Site "Elsinore"]
[Date "2018.07.29"]
[Round "10"]
[White "Kistrup, Nicolai"]
[Black "Thogersen, Rasmus"]
[Result "1/2-1/2"]
[WhiteElo "2154"]
[BlackElo "2297"]
[EventDate "2018.07.21"]
[WhiteFideId "1444816"]
[BlackFideId "1431412"]

1.d4 Nf6 2.c4 g6 3.Nc3 Bg7 4.e4 d6 5.Nf3 O-O 6.h3 Na6 7.Bd3 e5 8.d5 Nh5 9.
g3 f5 10.exf5 gxf5 11.Bc2 Qe8 12.Qe2 Bd7 13.Be3 f4 14.gxf4 Nxf4 15.Bxf4 
Rxf4 16.Ng5 e4 17.Bxe4 Nc5 18.Bxh7+ Kh8 19.Bc2 Bf5 20.O-O-O Bxc3 21.Qxe8+ 
Rxe8 22.bxc3 Bxc2 23.Kxc2 Rxf2+ 24.Rd2 Ree2 25.Rd1 Kg7 26.Rxe2 Rxe2+ 27.
Rd2 Re3 28.h4 Kg6 29.Rh2 Na4 30.Kb3 Nxc3 31.Rh3 Rxh3 32.Nxh3 Ne2 33.Ng5 
Nf4 34.Ka4 Kf5 35.Kb5 a6+ 36.Ka5 Ke5 37.Nf3+ Ke4 38.Ng5+ Ke5 39.Nf3+ Ke4 
40.Ng5+ Kf5 41.Nf7 Kg4 42.Nd8 b5 43.cxb5 axb5 44.Kxb5 Nxd5 45.a3 Kxh4 46.
Ne6 Kg4 47.Kc6 Nc3 48.Nxc7 Kf5 49.Kxd6 Ke4 50.Kc5 Ke5 51.Nb5 Na4+ 52.Kc6 
Nb2 53.Kc5 Na4+ 54.Kb4 Nb6 55.Nc3 Kd6 56.Kb5 Kc7 57.Ne4 Kb7 58.Nc5+ Ka7 
59.Nb3 Nd5 60.Kc5 Nc3 61.Kc4 Na4 62.Kb4 Nb2 63.Nd4 Kb6 64.Ne6 Nd3+ 65.Kc4 
Ka5 66.Nd4 Ka4 67.Nc2 Ne1 68.Nxe1 Kxa3 1/2-1/2

[Event "Xtracon Chess Open 2018"]
[Site "Elsinore"]
[Date "2018.07.29"]
[Round "10"]
[White "Kunz, Andre"]
[Black "Foisor, Sabina-Francesca"]
[Result "0-1"]
[WhiteElo "2158"]
[BlackElo "2285"]
[EventDate "2018.07.21"]
[WhiteFideId "24623652"]
[BlackFideId "1212915"]

1.e4 e5 2.Nf3 Nc6 3.Bc4 Bc5 4.c3 Nf6 5.d3 a6 6.O-O Ba7 7.Be3 d6 8.Bb3 O-O 
9.Nbd2 Be6 10.Re1 Bxe3 11.fxe3 Bxb3 12.axb3 d5 13.exd5 Qxd5 14.d4 e4 15.
Nh4 Qg5 16.g3 Rae8 17.b4 Ng4 18.Qe2 f5 19.h3 Nf6 20.Kh2 Nh5 21.Qf2 g6 22.
Ng2 Qh6 23.Qe2 Nf6 24.Rh1 g5 25.Nc4 Nh5 26.Rhf1 Kh8 27.g4 Ng7 28.gxf5 Nxf5
29.Qg4 Qg6 30.Kg1 Kg7 31.Rf2 h5 32.Qe2 Ng3 33.Qd2 Rxf2 34.Qxf2 h4 35.Rf1 
Nxf1 36.Qxf1 Rf8 37.Qd1 Qf5 38.d5 Qf2+ 39.Kh2 Qg3+ 40.Kh1 Rf2 0-1

[Event "Xtracon Chess Open 2018"]
[Site "Elsinore"]
[Date "2018.07.29"]
[Round "10"]
[White "Petersson, Baldur Teodor"]
[Black "Matthiesen, Martin"]
[Result "0-1"]
[WhiteElo "2153"]
[BlackElo "2273"]
[EventDate "2018.07.21"]
[WhiteFideId "2309157"]
[BlackFideId "1404067"]

1.e4 c5 2.Nc3 Nc6 3.g3 g6 4.Bg2 Bg7 5.d3 d6 6.Be3 e5 7.Qd2 Nge7 8.Bh6 Bxh6
9.Qxh6 Nd4 10.Rc1 Ng8 11.Qd2 h5 12.Nd5 h4 13.c3 Nc6 14.b4 Nf6 15.Ne2 Bg4 
16.h3 Bxe2 17.Qxe2 cxb4 18.Nxb4 Nxb4 19.cxb4 Qb6 20.O-O hxg3 21.Qf3 Nh5 
22.Qg4 Kf8 23.Rcd1 Nf4 24.d4 gxf2+ 25.Rxf2 Kg7 26.Rxf4 exf4 27.Qxf4 Rae8 
28.Kh1 Qd8 29.Rf1 Qe7 30.b5 Rh4 31.Qf3 Rxe4 32.Qxe4 Qxe4 33.Bxe4 Rxe4 0-1

[Event "Xtracon Chess Open 2018"]
[Site "Elsinore"]
[Date "2018.07.29"]
[Round "10"]
[White "Bach, Matthias"]
[Black "Nilssen, Ellen Fredericia"]
[Result "1-0"]
[WhiteElo "2267"]
[BlackElo "2152"]
[EventDate "2018.07.21"]
[WhiteFideId "4603168"]
[BlackFideId "1441230"]

1.c4 Nf6 2.g3 g6 3.Bg2 d5 4.cxd5 Nxd5 5.Nc3 Nb6 6.Nf3 Bg7 7.O-O Nc6 8.d3 
O-O 9.Be3 Re8 10.Qc1 e5 11.Bh6 Nd4 12.Bxg7 Nxf3+ 13.Bxf3 Kxg7 14.Bg2 c6 
15.Ne4 Qe7 16.Qc5 Qxc5 17.Nxc5 Nd7 18.Rfc1 Nxc5 19.Rxc5 Bg4 20.Kf1 Rad8 
21.Rac1 f6 22.b4 Re7 23.a3 Be6 24.Ke1 Kf7 25.Bf1 Bf5 26.f3 Be6 27.f4 exf4 
28.gxf4 Rd5 29.e4 Rd4 30.Kf2 Red7 31.Ke3 Bh3 32.Be2 f5 33.R1c3 fxe4 34.
dxe4 Bg2 35.R3c4 Rd2 36.Rc2 R2d4 37.Bc4+ Kg7 38.Rxg2 1-0

[Event "Xtracon Chess Open 2018"]
[Site "Elsinore"]
[Date "2018.07.29"]
[Round "10"]
[White "Nielsen, Thomas Bach"]
[Black "Ramsdal, Jens Albert"]
[Result "1-0"]
[WhiteElo "2111"]
[BlackElo "2259"]
[EventDate "2018.07.21"]
[WhiteFideId "1401785"]
[BlackFideId "1429221"]

1.d4 Nf6 2.c4 g6 3.Nc3 Bg7 4.e4 d6 5.h3 O-O 6.Nf3 c5 7.d5 e6 8.Bd3 exd5 9.
exd5 Re8+ 10.Be3 Bh6 11.O-O Bxe3 12.fxe3 Qe7 13.e4 Nbd7 14.Qd2 Rf8 15.Rf2 
Ne8 16.Raf1 Ne5 17.Nxe5 Qxe5 18.Qf4 Qxf4 19.Rxf4 Kg7 20.g4 h6 21.Kh2 Bd7 
22.Kg3 f6 23.Bc2 Nc7 24.h4 b5 25.g5 fxg5 26.hxg5 hxg5 27.Rxf8 Rxf8 28.Rxf8
Kxf8 29.cxb5 Kg7 30.a4 Kf6 31.Bd3 Ke5 32.a5 Bc8 33.b6 axb6 34.axb6 Na8 35.
Na4 c4 36.Bc2 Kd4 37.Bb1 c3 38.bxc3+ Kc4 39.e5 Kb3 40.exd6 Kxa4 41.d7 1-0

[Event "Xtracon Chess Open 2018"]
[Site "Elsinore"]
[Date "2018.07.29"]
[Round "10"]
[White "Koellner, Ruben Gideon"]
[Black "Petersen, Steen"]
[Result "1/2-1/2"]
[WhiteElo "2254"]
[BlackElo "2111"]
[EventDate "2018.07.21"]
[WhiteFideId "12993093"]
[BlackFideId "1402706"]

1.d4 d5 2.Bf4 Nf6 3.e3 c5 4.c3 Nc6 5.Nd2 Bf5 6.Ngf3 e6 7.Nh4 Bg4 8.Qb3 Qd7
9.h3 Bh5 10.g4 Bg6 11.Nxg6 hxg6 12.Nf3 c4 13.Qc2 Nxg4 14.e4 Nf6 15.e5 Nh5 
16.Bd2 Rb8 17.b3 b5 18.Be2 Be7 19.O-O b4 20.bxc4 bxc3 21.Qxc3 Bb4 22.Qe3 
Bxd2 23.Qxd2 dxc4 24.Bxc4 Rb4 25.Rac1 Qb7 26.Qe3 Ne7 27.a3 Nf5 28.Qc3 Nf4 
29.Qxb4 Nxh3+ 30.Kg2 Nf4+ 31.Kg1 Rh1+ 32.Kxh1 Qxf3+ 33.Kg1 Nh3+ 34.Kh2 
Qf4+ 35.Kxh3 Qh4+ 36.Kg2 Qg4+ 37.Kh1 Qh3+ 38.Kg1 Qg4+ 39.Kh1 Qh3+ 1/2-1/2

[Event "Xtracon Chess Open 2018"]
[Site "Elsinore"]
[Date "2018.07.29"]
[Round "10"]
[White "Schwarz, Frank"]
[Black "Jensen, Morten Frank"]
[Result "0-1"]
[WhiteElo "2234"]
[BlackElo "2007"]
[EventDate "2018.07.21"]
[WhiteFideId "4658035"]
[BlackFideId "1407325"]

1.c4 g6 2.g3 Bg7 3.Bg2 c5 4.Nc3 Nc6 5.e3 b6 6.Nge2 Bb7 7.O-O Nf6 8.b3 O-O 
9.Bb2 Qc8 10.Rb1 Nb4 11.e4 d6 12.d3 e6 13.Qd2 Nc6 14.Rbd1 Rd8 15.Qc1 a6 
16.Qa1 e5 17.h3 Nd4 18.f4 b5 19.Nxd4 cxd4 20.Nd5 Nxd5 21.cxd5 f6 22.Rf2 
Qd7 23.Kh2 Bc8 24.Qc1 Qb7 25.Rc2 Bd7 26.Rc7 Qb6 27.Rd2 Rac8 28.Rdc2 Rxc7 
29.Rxc7 Qb8 30.Ba3 Bf8 31.Bb4 Rc8 32.Ba5 Rxc7 33.Qxc7 Qxc7 34.Bxc7 Kf7 35.
Kg1 Ke7 36.Kf2 Be8 37.h4 Bd7 38.Bf3 Bh6 39.Bb6 Bc8 40.h5 Bd7 41.Be2 Bc8 
42.hxg6 hxg6 43.Kf3 Bd7 44.Ba5 Bc8 45.Bd2 Bd7 46.Kf2 Bc8 47.Ke1 Bd7 48.Kd1
g5 49.Bh5 gxf4 50.gxf4 Kf8 51.Bb4 Ke7 52.f5 Bf8 53.Kc2 Bh6 54.Bg6 Be3 55.
Kb2 Bh6 56.Be1 Bg5 57.Bb4 Bh6 58.Bh7 Be3 59.Bg8 Bh6 60.Be6 Be3 61.Kc2 Bh6 
62.Bd2 Bxd2 63.Kxd2 b4 64.Ke2 Be8 65.Bc8 Bh5+ 66.Kd2 a5 67.Ba6 Kf7 68.Bc4 
Kg7 69.Bb5 Kh6 70.Bc4 Kg5 71.Bb5 Kf4 72.Bc4 Bf3 73.Bb5 Bxe4 74.dxe4 Kxe4 
75.Bc6 Kxf5 76.Kd3 Kf4 77.Be8 f5 78.Bg6 Kg4 79.Be8 f4 80.Ke4 f3 81.Bb5 Kg3
82.Bf1 Kf2 83.Bh3 Ke1 84.Kxf3 d3 85.Ke4 d2 86.Bg4 d1=Q 87.Bxd1 Kxd1 88.Kf5
Kc2 89.Ke6 e4 0-1

[Event "Xtracon Chess Open 2018"]
[Site "Elsinore"]
[Date "2018.07.29"]
[Round "10"]
[White "Percivaldi, Martin"]
[Black "Liabotro, Ola"]
[Result "1-0"]
[WhiteElo "2393"]
[BlackElo "2066"]
[EventDate "2018.07.21"]
[WhiteFideId "1508148"]
[BlackFideId "1512382"]

1.Nf3 c5 2.c4 g6 3.d4 cxd4 4.Nxd4 Nf6 5.Nc3 Nc6 6.e4 d6 7.Be2 Nxd4 8.Qxd4 
Bg7 9.Be3 O-O 10.Qd2 Qa5 11.O-O Be6 12.Rfc1 Rfc8 13.b3 a6 14.Rab1 Qb4 15.
a3 Qa5 16.f3 Nd7 17.Qb2 Qd8 18.Rc2 b5 19.cxb5 axb5 20.Qc1 b4 21.axb4 Rcb8 
22.b5 Qb6 1-0

[Event "Xtracon Chess Open 2018"]
[Site "Elsinore"]
[Date "2018.07.29"]
[Round "10"]
[White "Dauth, Benjamin"]
[Black "Kizatbay, Abyl"]
[Result "0-1"]
[WhiteElo "2325"]
[BlackElo "2088"]
[EventDate "2018.07.21"]
[WhiteFideId "4688104"]
[BlackFideId "1521853"]

1.e4 c5 2.c3 Nf6 3.e5 Nd5 4.d4 cxd4 5.Qxd4 e6 6.Nf3 Nc6 7.Qe4 f5 8.exf6 
Nxf6 9.Qh4 d5 10.Bd3 Bd6 11.Bg6+ Ke7 12.Bc2 e5 13.O-O h6 14.Bg6 Kf8 15.Bg5
e4 16.Nd4 Ne5 17.Bxf6 Qxf6 18.Qxf6+ gxf6 19.Bf5 Bc5 20.Ne6+ Bxe6 21.Bxe6 
Rd8 22.b4 Bb6 23.a4 Ke7 24.Bh3 Nd3 25.a5 Bc7 26.a6 bxa6 27.Rxa6 Bb6 28.g3 
h5 29.Kg2 Rdg8 30.f4 h4 31.Bf5 Rh5 32.Bh3 hxg3 33.hxg3 Rgh8 34.Rh1 Nf2 35.
Rxb6 axb6 36.Kxf2 Rxh3 37.Rd1 Rh1 38.Rxh1 Rxh1 39.Na3 Rh2+ 40.Kg1 Ra2 41.
Nb5 Rc2 42.g4 e3 43.Kf1 Rf2+ 44.Ke1 Rxf4 45.Ke2 Rxg4 46.Kxe3 f5 47.Na7 
Re4+ 48.Kd3 f4 49.Nc8+ Ke6 50.Nxb6 f3 51.Na4 f2 52.Nc5+ Ke5 53.Nxe4 f1=Q+ 
0-1

[Event "Xtracon Chess Open 2018"]
[Site "Elsinore"]
[Date "2018.07.29"]
[Round "10"]
[White "Berg, Klaus"]
[Black "Nielsen, Klaus"]
[Result "1-0"]
[WhiteElo "2322"]
[BlackElo "2057"]
[EventDate "2018.07.21"]
[WhiteFideId "1400053"]
[BlackFideId "1410210"]

1.d4 d5 2.c4 e6 3.Nc3 Be7 4.Nf3 Nf6 5.Bf4 O-O 6.e3 a6 7.Rc1 dxc4 8.Bxc4 b5
9.Bd3 c5 10.dxc5 Bxc5 11.O-O Bb7 12.Nxb5 Bxe3 13.Bxe3 axb5 14.Bc5 Rxa2 15.
Bxf8 Qxf8 16.Ne5 Rxb2 17.Rc7 Bd5 18.Qc1 Rb3 19.Rc8 Ne8 20.Rxb8 f6 21.Bxh7+
1-0

[Event "Xtracon Chess Open 2018"]
[Site "Elsinore"]
[Date "2018.07.29"]
[Round "10"]
[White "Pallesen, Jacob"]
[Black "Dishman, Stephen"]
[Result "0-1"]
[WhiteElo "2058"]
[BlackElo "2320"]
[EventDate "2018.07.21"]
[WhiteFideId "1404881"]
[BlackFideId "403024"]

1.g3 d5 2.Bg2 c6 3.f4 Bf5 4.Nf3 e6 5.b3 Bc5 6.Bb2 Nf6 7.Nc3 O-O 8.e3 Nbd7 
9.Ne2 Qe7 10.Ned4 Be4 11.O-O Ba3 12.Qc1 Bxb2 13.Qxb2 h6 14.h3 c5 15.Ne2 
Rfe8 16.g4 e5 17.fxe5 Nxe5 18.Ng3 Nxf3+ 19.Bxf3 Qe5 20.Qxe5 Rxe5 21.Bxe4 
Nxe4 22.Nxe4 dxe4 23.Kf2 Rd8 24.Ke2 g6 25.Rf4 Rde8 26.Raf1 R8e7 27.Rf6 h5 
28.Ke1 Kg7 29.R1f2 Rg5 30.R6f4 hxg4 31.hxg4 c4 32.b4 a5 33.a3 axb4 34.axb4
Rb5 35.c3 Rb6 36.Ke2 Ra6 37.Rf1 b5 38.Rh1 Re5 39.Rhf1 Ra7 40.Rf6 Rd5 41.
R6f4 Re5 42.Rf6 Rd7 43.Ra6 Red5 44.Ra2 Kh6 45.Rf4 Re5 46.Ra1 Kg5 47.Rh1 f6
48.Ke1 Re6 49.Ke2 Re5 50.Ke1 Ra7 51.Rh8 Ra1+ 52.Ke2 Rg1 53.Rg8 Rg2+ 54.Ke1
Rd5 55.Rxe4 Rdxd2 56.Rd4 Rde2+ 57.Kf1 Ref2+ 58.Ke1 Ra2 59.Kf1 Rgf2+ 60.Kg1
Rfc2 61.Rd5+ Kh4 62.Rd1 Kg3 63.Rxg6 Rg2+ 64.Kf1 Raf2+ 65.Ke1 Rg1# 0-1

[Event "Xtracon Chess Open 2018"]
[Site "Elsinore"]
[Date "2018.07.29"]
[Round "10"]
[White "Jorgensen, Brian"]
[Black "Stray, Gunnar"]
[Result "1-0"]
[WhiteElo "2281"]
[BlackElo "2048"]
[EventDate "2018.07.21"]
[WhiteFideId "1401599"]
[BlackFideId "1501631"]

1.d4 d5 2.Bf4 Nf6 3.e3 e6 4.Nf3 c5 5.c3 Nc6 6.Nbd2 Be7 7.Bd3 Qb6 8.Rb1 h6 
9.h3 Bd7 10.Ne5 Nxe5 11.dxe5 Nh7 12.O-O Rd8 13.Qg4 Bf8 14.Rfd1 Qa5 15.e4 
g5 16.Bh2 c4 17.Bc2 b5 18.Nf3 Qb6 19.Qh5 dxe4 20.Bxe4 Bg7 21.Bxh7 1-0

[Event "Xtracon Chess Open 2018"]
[Site "Elsinore"]
[Date "2018.07.29"]
[Round "10"]
[White "Besq, Alexander Le"]
[Black "Solberg, Joachim"]
[Result "1/2-1/2"]
[WhiteElo "2097"]
[BlackElo "2263"]
[EventDate "2018.07.21"]
[WhiteFideId "1437089"]
[BlackFideId "1502930"]

1.e4 c5 2.Nc3 a6 3.Nf3 e6 4.d4 cxd4 5.Nxd4 Qc7 6.Bd3 Nf6 7.O-O d6 8.Qe2 
Be7 9.Nd1 O-O 10.c4 b6 11.b3 Nbd7 12.Bb2 Bb7 13.Nc3 Rfe8 14.Rac1 Rac8 15.
Kh1 Ne5 16.Bb1 Nc6 17.Nxc6 Bxc6 18.f4 Nd7 19.Rf3 Bf6 20.Rg3 e5 21.f5 b5 
22.cxb5 Bxb5 23.Qd2 Bc6 24.Nd5 Qd8 25.Nb4 Nb8 26.Rc4 Bb7 27.Rxc8 Qxc8 28.
Rd3 Bxe4 29.Nd5 Qxf5 30.Rf3 Bxb1 31.Rxf5 Bxf5 32.Nxf6+ gxf6 33.Qf2 Be6 34.
Qxf6 Nd7 35.Qg5+ Kh8 36.Qd2 d5 37.Qe2 d4 38.Qxa6 Bf5 39.Kg1 Kg7 40.b4 Nf6 
41.Qd6 Re6 42.Qc5 Ne4 43.Qd5 Kf6 44.Qd8+ Kg7 45.Qd5 Kf6 46.Qd8+ Kg7 47.Qd5
1/2-1/2

[Event "Xtracon Chess Open 2018"]
[Site "Elsinore"]
[Date "2018.07.29"]
[Round "10"]
[White "Hoeffer, David"]
[Black "Christiansen, Arne"]
[Result "1-0"]
[WhiteElo "2252"]
[BlackElo "2032"]
[EventDate "2018.07.21"]
[WhiteFideId "24606766"]
[BlackFideId "1402013"]

1.Nc3 e5 2.Nf3 Nc6 3.d4 exd4 4.Nxd4 Nf6 5.Bg5 Be7 6.Nf5 O-O 7.Nxe7+ Nxe7 
8.Bxf6 gxf6 9.e3 d5 10.Qf3 Kg7 11.O-O-O c6 12.h4 Ng6 13.h5 Ne5 14.h6+ Kh8 
15.Qf4 Qe7 16.Be2 Rg8 17.Rdg1 Be6 18.g4 Ng6 19.Qg3 b5 20.f4 f5 21.Bd3 Qd7 
22.Rh5 Ne7 23.Qh4 Rg6 24.Rg5 Rag8 25.gxf5 Nxf5 26.Bxf5 Bxf5 27.Rxg6 Rxg6 
28.Rxg6 fxg6 29.Qf6+ Kg8 30.Ne2 c5 31.Nc3 d4 32.exd4 cxd4 33.Nd5 Qf7 34.
Qxd4 1-0

[Event "Xtracon Chess Open 2018"]
[Site "Elsinore"]
[Date "2018.07.29"]
[Round "10"]
[White "Schmidt, Kristen"]
[Black "Hakansson, Stefan"]
[Result "1-0"]
[WhiteElo "2247"]
[BlackElo "2019"]
[EventDate "2018.07.21"]
[WhiteFideId "1400436"]
[BlackFideId "1708198"]

1.e4 c5 2.Nf3 Nc6 3.d4 cxd4 4.Nxd4 Nf6 5.Nc3 e5 6.Ndb5 d6 7.Bg5 a6 8.Na3 
b5 9.Bxf6 gxf6 10.Nd5 f5 11.c3 Bg7 12.exf5 Bxf5 13.Nc2 O-O 14.Nce3 Be6 15.
Bd3 f5 16.O-O Ra7 17.a4 b4 18.cxb4 e4 19.Nf4 Bf7 20.Bc4 Bxb2 21.Rb1 Be5 
22.Ne6 Bxe6 23.Bxe6+ Kh8 24.Bxf5 Rg7 25.g3 d5 26.Bh3 Nd4 27.Kh1 Rgf7 28.
Qh5 Qd6 29.Kg2 Nf3 30.Rfd1 Nd4 31.Rd2 Rf3 32.Rbd1 Qf6 33.Ng4 Rxg3+ 34.hxg3
Qf3+ 35.Kg1 Bg7 36.Bg2 Ne2+ 37.Kh2 Qb3 38.Qxd5 1-0

[Event "Xtracon Chess Open 2018"]
[Site "Elsinore"]
[Date "2018.07.29"]
[Round "10"]
[White "Ongut, Tamas Gunes"]
[Black "Kleimark, Anders"]
[Result "1-0"]
[WhiteElo "2220"]
[BlackElo "2024"]
[EventDate "2018.07.21"]
[WhiteFideId "770280"]
[BlackFideId "1709968"]

1.e4 c6 2.d4 d5 3.e5 Bf5 4.h4 h5 5.Bd3 Bxd3 6.Qxd3 e6 7.Bg5 Qb6 8.Nd2 c5 
9.c4 Qxb2 10.Rd1 Nc6 11.Ngf3 Nb4 12.Qe2 Nc2+ 13.Kf1 Nxd4 14.Nxd4 Qxd4 15.
Rh3 Ne7 16.Rd3 Qg4 17.f3 Qf5 18.Rb3 f6 19.exf6 gxf6 20.cxd5 fxg5 21.Qb5+ 
Kf7 22.Ne4 Nxd5 23.Qxb7+ Kg6 24.Qxa8 c4 25.Rb7 Bg7 26.Qxa7 Qe5 27.Re1 Qd4 
28.Qxd4 Bxd4 29.Nd6 Ne3+ 30.Rxe3 Bxe3 31.Nxc4 Bd4 32.Rd7 Bc5 33.Ne5+ Kf5 
34.Nd3 Bb6 35.Rf7+ Kg6 36.Ne5+ Kh6 37.Rb7 Ra8 38.Rxb6 gxh4 39.f4 Rxa2 40.
Kg1 Ra4 41.Rxe6+ Kg7 42.f5 Ra3 43.Kh2 h3 44.g3 Ra1 45.Kxh3 Rh1+ 46.Kg2 Ra1
47.f6+ Kf8 48.Re7 Ra2+ 49.Kh3 Kg8 50.Ng6 1-0

[Event "Xtracon Chess Open 2018"]
[Site "Elsinore"]
[Date "2018.07.29"]
[Round "10"]
[White "Schultz-Pedersen, Jesper"]
[Black "Laustsen, Lars"]
[Result "1-0"]
[WhiteElo "2057"]
[BlackElo "2219"]
[EventDate "2018.07.21"]
[WhiteFideId "1404482"]
[BlackFideId "1407554"]

1.e4 c5 2.b4 cxb4 3.a3 d5 4.exd5 Qxd5 5.Nf3 e5 6.Bb2 Nc6 7.c4 Qe6 8.Bd3 
Nf6 9.O-O Qd6 10.Qb3 Bg4 11.c5 Qxc5 12.Bc4 O-O-O 13.axb4 Qxb4 14.Nxe5 Na5 
15.Rxa5 Qxa5 16.Nxf7 Bb4 17.Nxh8 Rxh8 18.Rc1 Kb8 19.Qg3+ Ka8 20.Bxf6 Bxd2 
21.Rf1 Bf5 22.Nxd2 Qxd2 23.Qf3 Qc2 24.Bxg7 Rc8 25.Bd5 Rc7 26.Be5 Rd7 27.g4
Qd3 28.Bxb7+ Rxb7 29.Qxf5 Qd8 30.Rc1 1-0

[Event "Xtracon Chess Open 2018"]
[Site "Elsinore"]
[Date "2018.07.29"]
[Round "10"]
[White "Hartung-Nielsen, Jens"]
[Black "Jensen, Michael Agermose"]
[Result "1/2-1/2"]
[WhiteElo "2207"]
[BlackElo "1999"]
[EventDate "2018.07.21"]
[WhiteFideId "1400690"]
[BlackFideId "1408216"]

1.c4 f5 2.g3 Nf6 3.Bg2 g6 4.Nc3 Bg7 5.d3 O-O 6.e4 fxe4 7.dxe4 d6 8.Nge2 c5
9.O-O Nc6 10.h3 e5 11.Kh2 Be6 12.Nd5 Qd7 13.Nec3 Nh5 14.Be3 Rf7 15.Qd2 
Raf8 16.f3 Nd4 17.Bxd4 cxd4 18.Ne2 Qd8 19.Nc1 Bxd5 20.cxd5 Bf6 21.h4 Nxg3 
22.Kxg3 Bxh4+ 23.Kh2 Bg5 24.Qe1 Bf4+ 25.Kh1 Qg5 26.Bh3 Qh5 27.Kg2 Qg5+ 28.
Kh1 Qh5 29.Kg2 Qg5+ 30.Kh1 Qh5 1/2-1/2